Paroles - A nos souvenirs - Trois cafés gourmands - Statistiques

Statistiques générales
  • Ce quiz a été pris 1 064 fois
  • Le résultat moyen est 217 sur 345
Statistiques - réponses
Paroles % Correct
de
98%
a
97%
à
97%
te
97%
ce
96%
Ce
96%
en
96%
Le
94%
le
94%
mon
94%
me
93%
petit
93%
pour
93%
Pour
93%
se
92%
ma
91%
91%
terre
91%
bout
90%
coin
90%
coin
90%
la
90%
La
90%
es
89%
On
89%
on
89%
Comment
88%
des
88%
encore
88%
et
88%
Et
88%
paradis
88%
père
88%
oublier
87%
Oublier
87%
que
87%
Que
87%
dans
86%
tu
86%
Tu
86%
faire
84%
vit
84%
puis-je
83%
d'elle
82%
séparer
82%
un
82%
Un
82%
du
81%
ne
81%
pas
81%
pourrais-je
81%
est
80%
matin
80%
tout
80%
parisien
79%
t'as
79%
vaches
79%
au
78%
l'eau
78%
loin
77%
parti
77%
peu
77%
Corrèze
76%
faut
76%
photo
76%
C'est
74%
trouvé
74%
belle
71%
fausses
71%
joue
71%
notes
71%
qu'on
71%
chagrin
70%
faute
70%
Je
70%
je
70%
tableaux
70%
as
68%
rappeler
68%
coeur
67%
n'était
67%
charnelle
66%
y
66%
l'âme
65%
Vous
65%
vous
65%
bonheur
64%
con
64%
trompe
64%
vagues
64%
Acheter
63%
chemin
63%
l'vin
63%
c'que
62%
peur
62%
Si
62%
si
62%
drame
61%
chanson
59%
mal
58%
frères
57%
bizarre
54%
n'aimez
54%
trouvez
54%
pire
53%
cousin
52%
Jeremy
51%
patriotard
51%
personne
51%
réflexion
50%
tes
50%
ciel
49%
Joel
49%
qu'un
49%
fruit
48%
Il
48%
jamais
48%
aura
47%
Guillaume
47%
meilleur
47%
monte
47%
touchera
47%
peut-être
46%
région
46%
religion
46%
vos
46%
Au-delà
45%
fais
45%
pays
45%
d'une
44%
voyage
44%
autre
43%
confession
43%
croyez
43%
l'aime
43%
Les
43%
les
43%
mourir
43%
qu'une
43%
tête
43%
Allez
42%
résonnent
42%
bagages
41%
veut
41%
nos
40%
amis
39%
nous
39%
Nous
39%
sera
38%
perdre
37%
Viens
37%
rejoindre
36%
yeux
35%
Yoan
30%
dernier
29%
coup
27%
qui
27%
cette
26%
France
26%
voix
26%
Mais
25%
notre
25%
chabrol
24%
grands-mères
24%
grands-pères
24%
Lucas
24%
musette
24%
sur
23%
enfants
22%
souvenirs
22%
Elle
21%
Claudie
20%
petits
20%
testament
20%
toi
20%
bien
19%
L'odeur
19%
confidence
18%
J'ai
18%
Mimi
18%
soir
18%
boire
17%
dégage
17%
héritage
17%
relève
17%
brillent
16%
fête
16%
profité
16%
Enterrez
15%
Piedri
15%
s'il
15%
temps
15%
vivants
15%
cathéter
14%
fier
14%
gâté
14%
piste
14%
soin
14%
avant
13%
prenez
13%
remplir
13%
sers
13%
faisons
12%
t'laisse
12%
Vue
12%
avec
11%
t'aime
11%
dire
10%
pétille
9%
rengaine
9%
Acceptez
8%
suis
8%
Bâillonés
7%
j'en
7%
niole
7%
D'être
6%
jabot
6%
Monédières
6%
Soyez
6%
surs
3%
Aucun quiz correspondant
Distribution des résultats
% des personnes avec chaque résultat
Percentile par nombre de réponses
Votre historique - résultats
Vous n’avez pas pris ce quiz